| 000 | 00000nam 2200000zi 4500 |
| 001 | 9.949676 |
| 003 | CaOODSP |
| 005 | 20250403092023 |
| 006 | m o d f |
| 007 | cr mn||||||||| |
| 008 | 250331e20090630oncad ob f|0| 0 eng d |
| 040 | |aCaOODSP|beng|erda|cCaOODSP |
| 043 | |an-cn--- |
| 086 | 1 |aEn106-284/2009E-PDF |
| 245 | 00|aEvaluation of the Cabinet directive on the environmental assessment of policy, plan and program proposals : |bfinal report / |csubmitted to Canadian Environmental Assessment Agency; prepared by Stratos Inc. in cooperation with Alison Kerry, Environmental Management Consultant and Tom Shillington, Shillington & Burns Consultants Inc. |
| 246 | 17|aSEA evaluation final summary report |
| 264 | 1|aOttawa, ON : |bCanadian Environmental Assessment Agency, |cJune 30th, 2009. |
| 300 | |a1 online resource (1 volume (various pagings)) : |billustrations, graphs |
| 336 | |atext|btxt|2rdacontent |
| 337 | |acomputer|bc|2rdamedia |
| 338 | |aonline resource|bcr|2rdacarrier |
| 500 | |aCover title. |
| 500 | |aIssued also in French under title: Évaluation de la directive du Cabinet sur l'évaluation environnementale des projets de politiques, de plans et de programmes : rapport final. |
| 504 | |aIncludes bibliographical references (pages 6, 14, 25, 31-32). |
| 520 | |a"This evaluation was undertaken in response to a recommendation by the Commissioner of the Environment and Sustainable Development (CESD) in 2004 that the Privy Council Office (PCO) evaluate the effectiveness of the Cabinet Directive on the Environmental Assessment of Policy, Plan and Program Proposals (the Cabinet Directive). The results of this evaluation fulfill the government’s commitment to complete an evaluation and may be used to inform the parliamentary review of the Canadian Environmental Assessment Act, scheduled for 2010"--Executive summary, page iv. |
| 650 | 0|aEnvironmental policy|zCanada|xEvaluation. |
| 710 | 2 |aCanadian Environmental Assessment Agency, |eissuing body. |
| 710 | 2 |aStratos Inc., |eissuing body. |
| 775 | 08|tÉvaluation de la directive du Cabinet sur l'évaluation environnementale des projets de politiques, de plans et de programmes : |w(CaOODSP)9.949740 |
| 856 | 40|qPDF|s2.64 MB|uhttps://publications.gc.ca/collections/collection_2025/aeic-iaac/En106-284-2009-eng.pdf |